ជម្ងឺរាគកូនជ្រូកកំពុងបៅដោះនៅមជ្ឍមណ្ឌលចិញ្ចឹមជ្រូកគីឡូម៉ែត្រលេខ១១ (Record no. 1684)
[ view plain ]
| 000 -LEADER | |
|---|---|
| fixed length control field | 00567nam a22001577a 4500 |
| 003 - CONTROL NUMBER IDENTIFIER | |
| control field | OSt |
| 005 - DATE AND TIME OF LATEST TRANSACTION | |
| control field | 20151002154023.0 |
| 008 - FIXED-LENGTH DATA ELEMENTS--GENERAL INFORMATION | |
| fixed length control field | 151002b xxu||||| |||| 00| 0 eng d |
| 040 ## - CATALOGING SOURCE | |
| Transcribing agency | RUA |
| 082 ## - DEWEY DECIMAL CLASSIFICATION NUMBER | |
| Classification number | AVM សុខ 1992 B066 Or.1 |
| 100 ## - MAIN ENTRY--PERSONAL NAME | |
| 9 (RLIN) | 1783 |
| Personal name | សុខ សុផល |
| 245 ## - TITLE STATEMENT | |
| Title | ជម្ងឺរាគកូនជ្រូកកំពុងបៅដោះនៅមជ្ឍមណ្ឌលចិញ្ចឹមជ្រូកគីឡូម៉ែត្រលេខ១១ |
| 260 ## - PUBLICATION, DISTRIBUTION, ETC. (IMPRINT) | |
| Place of publication, distribution, etc. | Phnom Penh |
| Name of publisher, distributor, etc. | RUA |
| Date of publication, distribution, etc. | 1992 |
| 300 ## - PHYSICAL DESCRIPTION | |
| Extent | 59p. |
| Other physical details | ill. |
| Dimensions | 29cm. |
| 942 ## - ADDED ENTRY ELEMENTS (KOHA) | |
| Source of classification or shelving scheme | |
| Koha item type | AVM |
| Price effective from | Date last seen | Permanent Location | Not for loan | Date acquired | Source of classification or shelving scheme | Koha item type | Lost status | Withdrawn status | Date last checked out | Total Checkouts | Shelving location | Damaged status | Barcode | Current Location | Full call number |
|---|---|---|---|---|---|---|---|---|---|---|---|---|---|---|---|
| 2015-10-02 | 2015-10-02 | Library Block B | 2015-10-02 | AVM | B066 | RUA007041 | Library Block B | AVM សុខ 1992 B066 Or.1 | |||||||
| 2015-10-02 | 2015-10-02 | Library Block B | 2015-10-02 | AVM | B066 | RUA007118 | Library Block B | AVM សុខ 1992 B066 Or.2 | |||||||
| 2015-10-02 | 2016-03-21 | Library Block B | 2015-10-02 | AVM | 2016-03-11 | 1 | B066 | RUA007495 | Library Block B | AVM សុខ 1992 B066 Or.3 | |||||
| 2015-10-02 | 2015-10-02 | Library Block B | 2015-10-02 | AVM | B066 | RUA007561 | Library Block B | AVM សុខ 1992 B066 Or.4 | |||||||
| 2015-10-02 | 2015-10-02 | Library Block B | 2015-10-02 | AVM | B066 | RUA007489 | Library Block B | AVM សុខ 1992 B066 Or.5 |